00644cam a22002171 4500001001300000003000400013005001700017008004100034010001700075035002000092040001900112042001200131050001600143060002400159100002600183245011500209260003200324300002100356504003200377999001700409agr47000154 DLC20260227111006.0810815s1939 xx a l 000 0 ger  aagr47000154  a(OCoLC)14721032 aDLCcDNLMdDLC apremarc00aTS1975b.H60 aTS 1975bH792L 19391 aHopfengärtner, Max.10aLeitfaden der tierärztlichen lebensmittelüberwachung,cvon dr. Max Hopfengärtner ... Mit 5 abbildungen. aStuttgart,bF. Enke,c1939. axv, 240 p.bill. a"Schrifttum": p. [229]-230. c10626d10626